000
00293nam a22001337a 4500
008
180208b xxu||||| |||| 00| 0 eng d
020
_a
9780324374605
041
_a
eng
080
_a
330.722.6
100
_a
6
101
_a
KON
245
_a
FINANCIAL ACCOUTING
_c
DUCHAC/W
942
_2
udc
_c
BK
999
_c
42166
_d
42166